00977nam a2200205 a 450000100100000000500170001000800410002704000250006808200150009310000390010824502370014726001170038430000200050150000360052170000340055770000410059104900090063295201130064199900170075400001770120200929165212.0100330s1977 dr 000 0 spa d aDO-SdBNPbspacBNPHU axxxbG633m1 aGómez de Peña, Josefina93854414aLos moluscos gasterópodos y bivalvos de la colección del Centro de Investigaciones de Biología Marina, Universidad Autónoma de Santo Domingo /cJosefina Gómez de Peña, Cecilio Díaz Carela, Idelisa Bonnelly de Calventi. aSanto Domingo :bCentro de Investigaciones de Biología Marina, Universidad Autónoma de Santo Domingo,c1977. a18 p. ;c23 cm. aIncluye bibliografías [p. 18]1 aDíaz Carela, Cecilio9102561 aBonnelly de Calventi, Idelisa936618 aBNPD 0010718PDaPDbPDcCTd2010-03-30iLF1l0oxxx G633mp17701-10r2020-06-25w2020-06-25yLFPDZNo se presta c17226d17226